000 00514nam a2200181Ia 4500
008 230917s9999||||xx |||||||||||||| ||und||
020 _cGBP39.99
040 _e256393
_aMAIN
041 _aEnglish
082 _a362.22 R723C(3)
100 _aRosenberg, Samuel J, ed.
245 0 _aCommunity mental health: Challenges for the 21st century
250 _a3rd ed.
260 _aNew York
_bRoutledge
_c2018
300 _axxvii, 357 p.
500 _a3510 17/07/2019 RBP19/76172 26/07/2019 Main Budget
942 _cBK
999 _c31726
_d31726